Critical Thinking Terms Quiz Stats

 Plays Quiz not verified by Sporcle

Also try: Sporcleville
Challenge
Share
Tweet
Embed
Score 0/24 Timer 10:00
0 Plays Today
Hint Answer % Correct
Appeal toEmotion
82.1%
Appeal toTradition
78.6%
Appeal toHistory
78.6%
Appeal toPopularity
78.6%
FlawAd Hominem
78.6%
Appeal toAuthority
75%
FlawTu Quoque
75%
FlawStraw man
75%
CredibilityBias
75%
CredibilityExpertise
67.9%
FlawCircular argument
64.3%
FlawSlippery slope
64.3%
Hint Answer % Correct
CredibilityNeutrality
64.3%
CredibilityAbility to observe
64.3%
CredibilityReputation
64.3%
FlawPost hoc ergo propter hoc
57.1%
CredibilityVested interest to tell the truth
57.1%
FlawGeneralization
53.6%
CredibilityVested interest to lie
53.6%
CredibilityRelevance
53.6%
FlawTwo wrongs don't make a right
50%
FlawConfusing necessary and sufficient conditions
50%
FlawFalse Dichotomy
46.4%
FlawRestricting the options
39.3%

You're not logged in!

Compare scores with friends on all Sporcle quizzes.
OR
Log In

You Might Also Like...

Show Comments

Extras

Created May 16, 2012ReportNominate
Tags:critical, Critical Thinking, term

Top Quizzes Today


Score Distribution

Your Account Isn't Verified!

In order to create a playlist on Sporcle, you need to verify the email address you used during registration. Go to your Sporcle Settings to finish the process.

Report this User

Report this user for behavior that violates our Community Guidelines.

Details: